Carbon sequestration capacity of natural rubber plantations (Record no. 52496)

MARC details
000 -LEADER
fixed length control field 00533nam a2200145Ia 4500
100 ## - MAIN ENTRY--AUTHOR NAME
Personal name Jacob J.[a]
245 #0 - TITLE STATEMENT
Title Carbon sequestration capacity of natural rubber plantations
260 ## - PUBLICATION, DISTRIBUTION, ETC. (IMPRINT)
Name of publisher National Workshop on Clean Development Mechanism and the Indian Rubber Sector, 12 August 2005, Rubber Research Institute of India, Kottayam, India.
Year of publication 2005
650 ## - SUBJECT ADDED ENTRY--TOPICAL TERM
Topical Term Carbon sequestration
650 ## - SUBJECT ADDED ENTRY--TOPICAL TERM
Topical Term Carbon trading
650 ## - SUBJECT ADDED ENTRY--TOPICAL TERM
Topical Term CER
650 ## - SUBJECT ADDED ENTRY--TOPICAL TERM
Topical Term Clean development mechanism
942 ## - ADDED ENTRY ELEMENTS (KOHA)
Koha item type Bibliography STAF
Holdings
Withdrawn status Lost status Damaged status Not for loan Home library Current library Date acquired Koha item type
      Bibliography RRII Library RRII Library 09/04/2014 Bibliography STAF